书目信息 |
| 题名: |
拉美四作家作品精粹
|
|
| 作者: | 陈叙敏 , 黄少华 , 姚力奇 选编 | |
| 分册: | ||
| 出版信息: | 石家庄 河北教育出版社 1994.02 |
|
| 页数: | 575页 | |
| 开本: | 20cm | |
| 丛书名: | 世界文学博览 | |
| 单 册: | ||
| 中图分类: | I770.45 | |
| 科图分类: | ||
| 主题词: | 小说--xiao shuo--南美洲--现代--选集 | |
| 电子资源: | ||
| ISBN: | 7-5434-1869-X | |
| 000 | 01014nam 2200277 450 | |
| 001 | 012008524686 | |
| 005 | 20080424140239.65 | |
| 010 | @a7-5434-1869-X@dCNY20.10 | |
| 100 | @a20080423d1994 km y0chiy0120 ea | |
| 101 | 0 | @achi@cmul |
| 102 | @aCN@b130000 | |
| 105 | @ay z 000zy | |
| 106 | @ar | |
| 200 | 1 | @a拉美四作家作品精粹@Ala mei si zuo jia zuo pin jing cui@f陈叙敏, 姚力奇, 黄少华选编@Fchen xu min,yao li qi,huang shao hua xuan bian |
| 210 | @a石家庄@c河北教育出版社@d1994.02 | |
| 215 | @a575页@d20cm | |
| 225 | 2 | @a世界文学博览@Ashi jie wen xue bo lan |
| 330 | @a伟大作家和作品向来是人类进步历程的里程碑。本从书选择最有影响的外国作家,为广大读者了解近现代外国文学的主要风貌提供一条捷径. | |
| 410 | 0 | @12001 @a世界文学博览 |
| 606 | 0 | @a小说@Axiao shuo@y南美洲@z现代@j选集 |
| 690 | @aI770.45@v4 | |
| 701 | 0 | @a陈叙敏@Achen xu min@4选编 |
| 701 | 0 | @a黄少华@Ahuang shao hua@4选编 |
| 701 | 0 | @a姚力奇@Ayao li qi@4选编 |
| 801 | 0 | @aCN@bQSSK@c20080424 |
| 905 | @b20702612-14@dI770.45@eC604@f3 | |
| 拉美四作家作品精粹/陈叙敏, 姚力奇, 黄少华选编.-石家庄:河北教育出版社,1994.02 |
| 575页;20cm.-(世界文学博览) |
| ISBN 7-5434-1869-X:CNY20.10 |
| 伟大作家和作品向来是人类进步历程的里程碑。本从书选择最有影响的外国作家,为广大读者了解近现代外国文学的主要风貌提供一条捷径. |
| ● |
| 相关链接 |
|
|
|
正题名:拉美四作家作品精粹
索取号:I770.45/C604
 
预约/预借
| 序号 | 登录号 | 条形码 | 馆藏地/架位号 | 状态 | 备注 |
| 1 | 702612 | 207026127 | 文学库116/116文学库 30排5列6层/ [索取号:I770.45/C604] | 在馆 | |
| 2 | 702613 | 207026136 | 社科二线422/422社科库 25排4列5层/ [索取号:I770.45/C604] | 在馆 | |
| 3 | 702614 | 207026145 | 社科二线422/422社科库 32排2列5层/ [索取号:I770.45/C604] | 在馆 |